000 00845nam a2200217Ia 4500
999 _c39850
_d39850
001 6455
003 GE_BSU
005 20191010170710.0
008 181216s1954||||ge |||||||||||||| ||g ||
040 _cGE_BSU
041 _ageo
080 _a821.133.1-31 ბ-50
100 _aბეჟანიშვილი, ოსტომ
_94682
245 _aჯარისკაცის ბედი :
_bრომანი /
_cროსტომ ბეჟანიშვილი ; რედ. დ. ბენაშვილი.
264 _aთბილისი :
_bსაბჭ.მწერალი ;
_c1954.
300 _a261 გვ. ;
_c21 სმ.
653 _aჯარისკაცის ბედი
653 _aრომანი
700 _aბენაშვილი, დ.
_eრედაქტორი
_94319
942 _cBK
_2udc